| 000 | 00832nam a22002535a 4500 | ||
|---|---|---|---|
| 005 | 20161116114157.0 | ||
| 008 | 161113t2016 nyua fr 001 0 eng d | ||
| 020 | _a9781498725491 | ||
| 040 |
_aEG-ScBUE _beng _cEG-ScBUE _dEG-ScBUE |
||
| 082 | 0 | 4 |
_a025.0422 _bSHI _222 |
| 100 | 1 | _aShivakumar, Shailesh Kumar. | |
| 245 | 1 | 2 |
_aA complete guide to portals and user experience platforms / _cShailesh Kumar Shivakumar. |
| 260 |
_aBoca Raton : _bCRC Press / Taylor & Francis Group, _cc.2016. |
||
| 300 |
_axxxiii, 487 p. : _bIll. ; _c25 cm. |
||
| 500 | _aIndex : p. 481-487. | ||
| 500 | _aAppendix : p. 471-478. | ||
| 590 | _aSuzan Ashmawy | ||
| 650 | 7 |
_aWeb portals. _2BUEsh |
|
| 650 | 7 |
_aWeb site development. _2BUEsh |
|
| 650 | 7 |
_aUser interfaces. _2BUEsh |
|
| 651 | _2BUEsh | ||
| 653 |
_bCOMSCI _cNovember2016 |
||
| 942 | _2ddc | ||
| 999 |
_c23094 _d23066 |
||